Complete book of modern business letters = Tuyển tập thư tín thương mại tiếng Anh

Saved in:
Bibliographic Details
Main Author: Gartside, L.
Format: Book
Language:Undetermined
Published: Thành phố Hồ Chí Minh Trẻ 2003
Subjects:
Tags: Add Tag
No Tags, Be the first to tag this record!
Institutions: Trung tâm Học liệu Trường Đại học Cần Thơ
LEADER 00672nam a2200205Ia 4500
001 CTU_93574
008 210402s9999 xx 000 0 und d
020 |c 26000 
082 |a 808.6 
082 |b G244 
100 |a Gartside, L. 
245 0 |a Complete book of modern business letters = 
245 0 |b Tuyển tập thư tín thương mại tiếng Anh 
245 0 |c L. Gartside, S. Taylor; Đỗ Thị Bạch Yến biên dịch và chú giải 
260 |a Thành phố Hồ Chí Minh 
260 |b Trẻ 
260 |c 2003 
650 |a Letter-writing,Letters 
904 |i Nguyên 
980 |a Trung tâm Học liệu Trường Đại học Cần Thơ